Los rostros de la pobreza : el debate : tomo I /

I tiakina i:
Ngā taipitopito rārangi puna kōrero
Kaituhi matua: Gallardo Gómez, Luis Rigoberto (coordinación)
Ētahi atu kaituhi: Osorio Goicoechea, Joaquín (coordinación) (coordinación), Gendreau Maurer, Mónica (prólogo) (prólogo)
Hōputu: Pukapuka
Reo:Pāniora
I whakaputaina: Guadalajara, México : México : ITESO ; Universidad Iberoamericana : Limusa, 2001, c2001
Ngā Tūtohu: Tāpirihia he Tūtohu
Kāore He Tūtohu, Me noho koe te mea tuatahi ki te tūtohu i tēnei pūkete!

MARC

LEADER 00000nam^a2200000^a^4500
001 000627958
005 20260212000000.0
009 20260310134104.205
020 |a 968-18-6276-7 
037 |a Acervo Xavier Clavigero 
041 |a ESP 
091 |a FHG. 01248 
100 |a Gallardo Gómez, Luis Rigoberto  |e (coordinación) 
240 1 5 |a [Los rostros de la pobreza] 
245 1 4 |a Los rostros de la pobreza :  |b el debate : tomo I / 
264 4 |a Guadalajara, México :  |b ITESO ;  |a México :  |b Universidad Iberoamericana :  |b Limusa,  |c 2001, c2001 
300 |a XXII, 412 p. 
336 |a texto  |b txt  |2 rdacontenido 
337 |a sin mediación  |b n  |2 rdamedio 
338 |a volumen  |b nc  |2 rdasoporte 
649 |a XX 
700 |a Osorio Goicoechea, Joaquín  |e (coordinación) 
700 |a Gendreau Maurer, Mónica  |e (prólogo) 
910 |a Fondo Humberto García Bedoy S.J. 
920 |a Impresos - Libros 
930 |a Fondos Especiales 
905 |a 148 
901 |a 627958-10  |b IT2  |c ESP  |i D  |u 20260212 
902 |a https://opac.biblio.iteso.mx/vufind/Record/000627958